000 00274nam a22001217a 4500
003 OSt
008 150511b xxu||||| |||| 00| 0 eng d
100 1 _aKantey, B. A.
041 _aeng
245 1 0 _aThe P.O.A. cancellations of Natal
260 _bCreda Press
300 _a0 pages
999 _c1444
_d1444